| 000 | 00862 a2200277 4500 | ||
|---|---|---|---|
| 001 | 200129468 | ||
| 650 | 0 |
_961046 _aCivil law _zTurkey _vDictionaries _xDictionaries |
|
| 999 |
_c200129468 _d31511 |
||
| 003 | TR-AnTOB | ||
| 005 | 20230329092037.0 | ||
| 008 | 130523e2011 tu 000 0 | ||
| 020 | _a9789754645774 | ||
| 040 | _aTR-AnTOB | ||
| 041 | _atur | ||
| 050 | 0 |
_aKKX500 _b.İ44 2011 |
|
| 090 | _aKKX500 .İ44 2011 | ||
| 100 |
_aİlhan, Cengiz _916691 |
||
| 245 | 0 | 0 |
_aGünümüz Türkçesiyle Mecelle : _bMecelle-i Ahkam-ı Adliye / _cCengiz İlhan. |
| 264 | 1 |
_aAnkara: _bYetkin yayınları, _c2011. |
|
| 300 |
_a605 p.; _c24 cm. |
||
| 500 | _aAslı ile birlikte tam metin. | ||
| 650 | 0 |
_aIslamic law _zTurkey _931108 |
|
| 650 | 7 |
_aİslam hukuku _zTürkiye _2etuturkob _931109 |
|
| 650 | 0 |
_aMedeni hukuk _zTürkiye _vSözlükler _xSözlükler _97805 |
|
| 942 | _cBK | ||